Statistics for UCL Without Real Madrid and Barcelona

Click here to take the quiz!

General Stats

  • This quiz has been taken 115 times
    (114 since last reset)
  • The average score is 19 of 33

Answer Stats

Answer% Correct
Liverpool
98%
Manchester City
97%
Bayern Munich
93%
Chelsea
93%
Inter Milan
93%
AC Milan
89%
Atletico Madrid
88%
Juventus
88%
Manchester United
88%
Tottenham Hotspur
85%
Paris Saint-Germain
83%
Ajax
79%
Borussia Dortmund
79%
Arsenal
75%
Porto
75%
Valencia
58%
Napoli
57%
Olympique Lyon
57%
Monaco
56%
Roma
55%
Bayer Leverkusen
50%
Villarreal
50%
PSV Eindhoven
43%
Red Bull Leipzig
42%
Schalke 04
38%
Celtic
28%
Atalanta
21%
Galatasaray
19%
Deportivo La Coruña
18%
Leeds United
14%
Stuttgart
9%
CSKA Moscow
8%
Panathinaikos
4%

Score Distribution

Percentile by Number Answered

Percent of People with Each Score

Your Score History

You have not taken this quiz since the last reset